The Dhaka law reports: (Record no. 57797)

MARC details
000 -LEADER
fixed length control field 00721nam a22002297a 4500
001 - CONTROL NUMBER
control field 57797
005 - DATE AND TIME OF LATEST TRANSACTION
control field 20260510153352.0
008 - FIXED-LENGTH DATA ELEMENTS--GENERAL INFORMATION
fixed length control field 260510s2024 bg |||||||| |||| 00| 0 eng d
040 ## - CATALOGING SOURCE
Original cataloging agency BD-DhIUB
Transcribing agency BD-DhIUB
Modifying agency BD-DhIUB
082 ## - DEWEY DECIMAL CLASSIFICATION NUMBER
Edition number 22
Classification number 348.5492046
Item number D5331
245 ## - TITLE STATEMENT
Title The Dhaka law reports:
Remainder of title a monthly law journal, Vol 76/
Statement of responsibility, etc edited by Obaidul Huq Chowdhury, Md. Khurshid Alam Khan
250 ## - EDITION STATEMENT
Edition statement Vol.76, lxxvi
260 ## - PUBLICATION, DISTRIBUTION, ETC. (IMPRINT)
Place of publication, distribution, etc Dhaka:
Name of publisher, distributor, etc Dhaka Law Reports,
Date of publication, distribution, etc 2024
300 ## - PHYSICAL DESCRIPTION
Extent 337p;.
Dimensions 26cm
526 ## - STUDY PROGRAM INFORMATION NOTE
School name School of Law
Department Law
Shelving Location Law
541 ## - IMMEDIATE SOURCE OF ACQUISITION NOTE
Source of acquisition Risaam
650 #0 - SUBJECT ADDED ENTRY--TOPICAL TERM
Topical term or geographic name as entry element Law
Geographic subdivision Bangladesh.
9 (RLIN) 3916
651 #4 - SUBJECT ADDED ENTRY--GEOGRAPHIC NAME
Geographic name Bangladesh
9 (RLIN) 374
700 ## - ADDED ENTRY--PERSONAL NAME
Personal name Chowdhury, Obaidul Huq
9 (RLIN) 3917
700 ## - ADDED ENTRY--PERSONAL NAME
Personal name Khan, Md. Khurshid Alam
9 (RLIN) 7182
942 ## - ADDED ENTRY ELEMENTS (KOHA)
Source of classification or shelving scheme Dewey Decimal Classification
Koha item type Books
Holdings
Withdrawn status Lost status Source of classification or shelving scheme Volume or other part Damaged status Not for loan Home library Current library Shelving location Date acquired Source of acquisition Cost, normal purchase price Serial Enumeration / chronology Total Checkouts Full call number Barcode Date last seen Copy number Cost, replacement price Price effective from Koha item type
    Dewey Decimal Classification Vol. 76   Not For Loan Library, Independent University, Bangladesh (IUB) Library, Independent University, Bangladesh (IUB) Law 07/04/2026 Purchase 1925.00 2024   348.5492046 D5331 029648 10/05/2026 01 3850.00 07/04/2026 Books